000 00742cam a22002174a 4500
020 _a1593852916 (alk. paper)
020 _a9781593852900 (paper : alk. paper)
020 _a1593852908 (alk. paper)
020 _a9781593852917 (cloth : alk. paper)
040 _cDLC
082 0 0 _a372 GUI 2006 A113 Or.
245 0 0 _aReading assessment and instruction for all learners /
260 _aNew York, NY :
_bGuilford Press,
_c2006.
300 _axvi, 576 p. :
_bill. ;
_c26 cm.
650 0 _aReading (Elementary)
650 0 _aReading teachers
700 1 _aSchumm, Jeanne Shay,
856 4 1 _uhttp://www.loc.gov/catdir/toc/ecip061/2005028087.html
856 4 2 _uhttp://www.loc.gov/catdir/enhancements/fy0642/2005028087-b.html
942 _cEK
999 _c17396
_d17396